000 00421nam a22001697a 4500
005 20250730122948.0
008 250730b |||||||| |||| 00| 0 eng d
020 _a0439129222
_qpbk
041 _aeng
082 _a372.677049
_bMON
100 _aMonks, Lydia
245 _aThe Cat Barked?
_cby Lydia Monks
250 _a1ed.,
260 _aGreat Britain
_bScholastic Inc.,
_c1998
300 _a26p.
942 _cENGLISH
999 _c578035
_d578035